000 00694nam a2200253Ia 4500
001 8884
003 GE_BSU
008 181216s||||||||xx |||||||||||||| ||und||
020 _a97899410485
040 _cGE_BSU
080 _a821.353.1-1
100 _aკორძაია, ჯანსუღ
245 _aლირიკა
245 _bკრებული
245 _cრედ. რევაზ ბალანჩივაძე
260 _aთბილისი
260 _bშპს პოლიგრაფი
260 _c2008
300 _a284გვ.20სმ.
541 _h8ლ.
653 _aკრებული
653 _aლირიკა
942 _cBK
999 _c42191
_d42191